[Event "Baghdad op 5th"]
[Site "Baghdad"]
[Date "2017.03.18"]
[Round "4"]
[White "Taleb, Salem Hatam"]
[Black "Isam, Niama"]
[Result "1/2-1/2"]
[WhiteElo "2076"]
[BlackElo "1921"]
[PlyCount "97"]
[EventDate "2017.03.16"]
[EventType "swiss"]
[EventRounds "9"]
[EventCountry "IRQ"]
[SourceTitle "CBM 177 Extra"]
[Source "ChessBase"]
[SourceDate "2017.04.27"]
[SourceVersion "1"]
[SourceVersionDate "2017.04.27"]
[SourceQuality "1"]

1. c4 f5 2. Nc3 Nf6 3. g3 g6 4. Bg2 Bg7 5. d3 d6 6. Nf3 0-0 7. 0-0 c5 8. Bd2 Nc6 9. Rb1 a5 10. a3 h6 11. Ne1 e5 12. Nc2 Be6 13. Ne3 Kh7 14. Ned5 Rb8 15. b4 axb4 16. axb4 cxb4 17. Nxb4 Nxb4 18. Rxb4 d5 19. cxd5 Nxd5 20. Nxd5 Bxd5 21. Bxd5 Qxd5 22. Qb3 Qxb3 23. Rxb3 Rfc8 24. e4 Rc2 25. Be3 Rd8 26. Ra1 f4 27. Rc1 Rxc1+ 28. Bxc1 Rc8 29. Bb2 Rc7 30. Kg2 h5 31. h3 fxg3 32. fxg3 Kg8 33. Rb6 Kf7 34. Kf3 Rd7 35. Ke2 Rc7 36. Kd1 Bf6 37. g4 hxg4 38. hxg4 Rd7 39. Kc2 Rc7+ 40. Kb3 Bg7 41. Ba3 Bf6 42. Bd6 Rd7 43. Bb8 Rxd3+ 44. Kc2 Rd7 45. Rb5 Ke6 46. Rb6+ Kf7 47. Rb5 Re7 48. Bd6 Rd7 49. Bb8 1/2-1/2

[Event "Baghdad op 4th"]
[Site "Baghdad"]
[Date "2016.03.20"]
[Round "1"]
[White "Gholami, Aryan"]
[Black "Isam, Niama"]
[Result "1-0"]
[WhiteElo "2415"]
[BlackElo "2008"]
[PlyCount "53"]
[EventDate "2016.03.20"]
[EventType "swiss"]
[EventRounds "9"]
[EventCountry "IRQ"]
[SourceTitle "EXT 2017"]
[Source "ChessBase"]
[SourceDate "2016.10.25"]
[SourceVersion "1"]
[SourceVersionDate "2016.10.25"]
[SourceQuality "1"]

1. d4 f5 2. c4 Nf6 3. g3 g6 4. Bg2 Bg7 5. Nc3 0-0 6. Nf3 d6 7. 0-0 Nc6 8. d5 Ne5 9. Nxe5 dxe5 10. e4 f4 11. gxf4 Nh5 12. fxe5 Bxe5 13. Ne2 Qd6 14. h3 Bd7 15. Be3 b6 16. Qd2 Nf4 17. Nxf4 Bxf4 18. Rae1 Qe5 19. Qd4 Qg5 20. Bxf4 Rxf4 21. Re3 Raf8 22. Rg3 Qh4 23. Qe5 Rc8 24. b4 c5 25. bxc5 Rxc5 26. Rd1 Be8 27. Rd4 1-0